000 00279nam a22001217a 4500
008 170608b xxu||||| |||| 00| 0 eng d
041 _aeng
080 _215 ED
_a323
100 _a18
101 _aSHP
245 _aPOLITICAL ISSUES TAKING SIDES
_cMCKENNA.G
942 _2udc
_cBK
999 _c16534
_d16534